[Event "VM "]
[Site "Schachforum Darmstadt"]
[Date "2014.03.20"]
[Round "1.2"]
[White "Nies, Peter"]
[Black "Tampe, Alexander"]
[Result "1-0"]
[WhiteElo "2065"]
[BlackElo "1706"]
[PlyCount "93"]
[EventDate "2014.??.??"]
[WhiteTeam " "]
[BlackTeam " "]

1. e4 e5 2. Nf3 Nc6 3. d4 exd4 4. Nxd4 Bc5 5. Nxc6 Qf6 6. Qf3 Qxf3 7. gxf3 dxc6
8. Be3 Bxe3 9. fxe3 Be6 10. Nd2 O-O-O 11. O-O-O Ne7 12. Rg1 g6 13. Bc4 Bxc4 14.
Nxc4 f6 15. Rxd8+ Rxd8 16. Rd1 Rxd1+ 17. Kxd1 Kd7 18. Ke2 Ke6 19. f4 c5 20. a3
Nc6 21. Kf3 b5 22. Nd2 a5 23. c4 a4 24. cxb5 Na7 25. Ke2 Nxb5 26. Kd3 Nd6 27.
Nf3 f5 28. Ng5+ Kd7 29. exf5 gxf5 30. Nxh7 Ke6 31. Ng5+ Kd5 32. h4 Nc4 33. h5
Nxb2+ 34. Kc3 Nd1+ 35. Kd2 Nb2 36. h6 Nc4+ 37. Kc1 Nxa3 38. h7 Nb5 39. h8=Q Kc4
40. Nf3 a3 41. Nd2+ Kb4 42. Qg8 c6 43. Qc4+ Ka5 44. Nb3+ Ka6 45. Qxc5 a2 46.
Qxc6+ Ka7 47. Qxb5 1-0

[Event "VM "]
[Site "Schachforum Darmstadt"]
[Date "2014.03.20"]
[Round "1.4"]
[White "Brockmann, Marcus"]
[Black "Seehaus, Bernhard"]
[Result "0-1"]
[WhiteElo "1489"]
[BlackElo "2034"]
[PlyCount "38"]
[EventDate "2014.??.??"]
[WhiteTeam " "]
[BlackTeam " "]

1. e4 d6 2. d4 Nf6 3. Nc3 c6 4. Nf3 Bg4 5. Bf4 e6 6. e5 dxe5 7. dxe5 Nd5 8.
Nxd5 cxd5 9. Be2 Be7 10. Nd4 Bxe2 11. Qxe2 Nc6 12. Nxe6 fxe6 13. Qg4 O-O 14.
Qxe6+ Kh8 15. Be3 Bg5 16. Bxg5 Qxg5 17. Qxd5 Rad8 18. Qc5 Qd2+ 19. Kf1 Nd4 0-1

[Event "VM "]
[Site "Schachforum Darmstadt"]
[Date "2014.03.20"]
[Round "1.5"]
[White "Rutsatz, Mario"]
[Black "Wiewesiek, Timo"]
[Result "0-1"]
[WhiteElo "1986"]
[BlackElo "1745"]
[PlyCount "62"]
[EventDate "2014.??.??"]
[WhiteTeam " "]
[BlackTeam " "]

1. d4 Nf6 2. c4 e6 3. Nf3 d5 4. Nc3 c6 5. cxd5 cxd5 6. Bg5 Be7 7. e3 Nc6 8. Rc1
O-O 9. Bd3 a6 10. O-O Bd7 11. h3 Rc8 12. Bb1 Ne8 13. Bf4 f5 14. Na4 Nf6 15. Nc5
Bxc5 16. Rxc5 Ne4 17. Rc1 g5 18. Bh2 Qf6 19. Ne5 Nxe5 20. Bxe5 Qg6 21. f3 Nf6
22. Bd3 Rc6 23. Qb3 Rxc1 24. Rxc1 Bc6 25. Bxa6 bxa6 26. Rxc6 g4 27. Bxf6 gxh3
28. Qc2 Qxf6 29. Rxa6 Qh4 30. Qe2 Rc8 31. gxh3 Qg3+ 0-1

[Event "VM "]
[Site "Schachforum Darmstadt"]
[Date "2014.03.20"]
[Round "1.6"]
[White "Tierling, Detlef"]
[Black "Pauli, Walter"]
[Result "1-0"]
[WhiteElo "2023"]
[BlackElo "1478"]
[PlyCount "81"]
[EventDate "2014.??.??"]
[WhiteTeam " "]
[BlackTeam " "]

1. f4 e5 2. fxe5 d6 3. exd6 Bxd6 4. Nf3 Nf6 5. d4 O-O 6. Bg5 h6 7. Bh4 Bf5 8.
Nc3 Be7 9. Bxf6 Bxf6 10. Qd2 Nc6 11. O-O-O Re8 12. e3 Nb4 13. e4 Bg4 14. e5 Bg5
15. Nxg5 Bxd1 16. Nxf7 Kxf7 17. Bc4+ Ke7 18. Nxd1 Nc6 19. Ne3 Rf8 20. c3 Kd7
21. Bb5 Kc8 22. Bxc6 bxc6 23. Qe2 Kb7 24. Re1 Qe7 25. Nc4 Qe6 26. Na5+ Kb6 27.
b4 Rad8 28. Nb3 Qc8 29. Qc4 Rfe8 30. Qc5+ Kb7 31. Na5+ Ka8 32. Qxc6+ Kb8 33.
Qa4 Qd7 34. Nc6+ Kb7 35. Qb5+ Ka8 36. Qa6 Qxc6 37. Qxc6+ Kb8 38. e6 Re7 39. Re5
Rd6 40. Rb5+ Kc8 41. Qa8# 1-0

[Event "VM "]
[Site "Schachforum Darmstadt"]
[Date "2014.03.20"]
[Round "1.7"]
[White "Friedel, Thomas"]
[Black "Metselaar, Harold"]
[Result "0-1"]
[WhiteElo "1595"]
[BlackElo "1914"]
[PlyCount "46"]
[EventDate "2014.??.??"]
[WhiteTeam " "]
[BlackTeam " "]

1. e4 e6 2. d4 d5 3. e5 c5 4. c3 Qb6 5. Nf3 Bd7 6. Be2 cxd4 7. cxd4 Bb5 8. Qb3
Bxe2 9. Qxb6 axb6 10. Kxe2 Nc6 11. Nc3 Kd7 12. Bd2 Nge7 13. Nb5 Ng6 14. Ng5 f6
15. exf6 gxf6 16. Nxe6 Re8 17. Be3 Rxe6 18. g3 Bh6 19. Rhc1 Rhe8 20. Rc3 Nge7
21. Kf3 Bxe3 22. Rxe3 Nf5 23. Rxe6 Nfxd4+ 0-1

[Event "VM "]
[Site "Schachforum Darmstadt"]
[Date "2014.03.20"]
[Round "1.8"]
[White "Günzler, Richard"]
[Black "Müller, Alexander"]
[Result "1-0"]
[WhiteElo "1957"]
[BlackElo "1360"]
[PlyCount "81"]
[EventDate "2014.??.??"]
[WhiteTeam " "]
[BlackTeam " "]

1. e4 e6 2. d4 d5 3. Nc3 dxe4 4. Nxe4 Bb4+ 5. c3 Ba5 6. b4 Bb6 7. Be3 a6 8. Qg4
g6 9. Qf3 h6 10. Bc4 f5 11. Nc5 Bxc5 12. bxc5 Qf6 13. Ne2 Nc6 14. Qg3 Rh7 15.
O-O g5 16. f4 g4 17. Bf2 Nge7 18. Nc1 b5 19. cxb6 cxb6 20. a4 Rb8 21. Re1 Kf8
22. Nd3 Nd5 23. Bxd5 exd5 24. Ne5 Na5 25. Qd3 Rc7 26. Bh4 Qd6 27. Re2 Nc4 28.
Rae1 Kg7 29. Nxc4 dxc4 30. Qd2 Rf7 31. Be7 Qc6 32. d5 Qg6 33. Qd4+ Kh7 34. Qxc4
Bb7 35. Qc7 Qg8 36. d6 Be4 37. Qd7 Rb7 38. Qe6 Qe8 39. Rxe4 fxe4 40. Qxe4+ Kg7
41. Bf6+ 1-0

[Event "VM "]
[Site "Schachforum Darmstadt"]
[Date "2014.03.20"]
[Round "1.9"]
[White "Torrijos, Javier"]
[Black "Rolf, Marco"]
[Result "0-1"]
[WhiteElo "1397"]
[BlackElo "1936"]
[PlyCount "80"]
[EventDate "2014.??.??"]
[WhiteTeam " "]
[BlackTeam " "]

1. d4 d5 2. c4 e6 3. Nc3 Nf6 4. Bg5 Be7 5. e3 O-O 6. Bd3 c6 7. Nge2 dxc4 8.
Bxc4 b5 9. Bd3 Nbd7 10. O-O Bb7 11. Ne4 Nxe4 12. Bxe7 Qxe7 13. Bxe4 Rfd8 14.
Qc2 Nf6 15. Bf3 Rac8 16. Rac1 a6 17. Qc5 Qc7 18. Nf4 Nd7 19. Qg5 h6 20. Qg3 e5
21. Nd5 Qd6 22. Nc3 f5 23. Rfd1 Qf6 24. dxe5 Nxe5 25. Rxd8+ Rxd8 26. Rd1 Rxd1+
27. Bxd1 c5 28. a3 Kh7 29. Bc2 b4 30. axb4 cxb4 31. Na4 Qc6 32. Bxf5+ g6 33. f3
Qc1+ 34. Kf2 Qd2+ 35. Kf1 Qxe3 36. Be4 Bxe4 37. fxe4 Qxe4 38. Qh3 Qf4+ 39. Ke2
Qe4+ 40. Qe3 Qxg2+ 0-1

[Event "VM "]
[Site "Schachforum Darmstadt"]
[Date "2014.03.20"]
[Round "1.12"]
[White "Leck, Jakob"]
[Black "Schellen, Sven"]
[Result "1-0"]
[WhiteElo "1834"]
[BlackElo "1802"]
[PlyCount "89"]
[EventDate "2014.??.??"]
[WhiteTeam " "]
[BlackTeam " "]

1. e4 Nf6 2. e5 Nd5 3. d4 d6 4. f4 g6 5. Bc4 Nb6 6. Bb3 Bg7 7. Nf3 O-O 8. O-O
a5 9. c3 Bf5 10. Na3 a4 11. Bc2 Bxc2 12. Nxc2 Qd7 13. Ne3 f6 14. Qe1 fxe5 15.
fxe5 Nc6 16. exd6 cxd6 17. Bd2 Na5 18. Rd1 Nbc4 19. Qh4 Nxd2 20. Rxd2 e6 21.
Rdf2 Bf6 22. Qg4 Rad8 23. Ng5 Bxg5 24. Qxg5 Nc6 25. Ng4 Qe7 26. Nh6+ Kg7 27.
Rf7+ Rxf7 28. Rxf7+ Qxf7 29. Nxf7 Kxf7 30. Qb5 Rd7 31. Qxa4 Re7 32. b4 e5 33.
b5 Nd8 34. dxe5 dxe5 35. Qe4 Kf6 36. a4 b6 37. c4 Nb7 38. Qc6+ Kf5 39. Qxb6 e4
40. a5 e3 41. Kf1 e2+ 42. Ke1 Ke4 43. a6 Kd3 44. Qxb7 Re5 45. Qd5+ 1-0

[Event "VM Schachforum Darmstadt"]
[Site "?"]
[Date "2014.04.21"]
[Round "2.1"]
[White "Rolf, Marco"]
[Black "Gramlich, Sebastian"]
[Result "1-0"]
[WhiteElo "1936"]
[BlackElo "2239"]
[PlyCount "103"]
[EventDate "2014.??.??"]

1. d4 Nf6 2. c4 Nc6 3. Nf3 e6 4. Nc3 Bb4 5. Qc2 O-O 6. e3 d6 7. Bd2 Qe7 8. a3
Bxc3 9. Bxc3 e5 10. dxe5 dxe5 11. Bd3 Bg4 12. Ng5 h6 13. Ne4 Rfd8 14. O-O Be6
15. Nxf6+ Qxf6 16. f4 Qh4 17. g3 Qg4 18. Be2 Qf5 19. Qxf5 Bxf5 20. fxe5 Bd3 21.
Bxd3 Rxd3 22. Rad1 Rad8 23. Rxd3 Rxd3 24. Kf2 Rd7 25. Ke2 a6 26. Rd1 Rxd1 27.
Kxd1 Kf8 28. Ke2 Ke7 29. Kf3 Ke6 30. Ke4 h5 31. h3 b6 32. g4 hxg4 33. hxg4 Nb8
34. b4 b5 35. cxb5 axb5 36. Kd4 Nd7 37. e4 g6 38. g5 c6 39. Bb2 Ke7 40. Ke3 {
(=)} Nb6 41. Kd4 Kd7 42. Bc1 Na8 43. e6+ fxe6 44. Ke5 Nb6 45. Kf6 Nc4 {(=)} 46.
Kxg6 Ke7 47. Kh7 Nd6 48. e5 Nf7 49. g6 Nxe5 50. g7 Nd7 51. Bg5+ Kf7 52. g8=Q#
1-0

[Event "VM Schachforum"]
[Site "?"]
[Date "2014.03.27"]
[Round "2.2"]
[White "Cors, HF."]
[Black "Nies, Peter"]
[Result "0-1"]
[WhiteElo "1811"]
[BlackElo "1991"]
[PlyCount "64"]
[EventDate "2014.03.20"]

1. e4 e6 2. d4 d5 3. e5 c5 4. c3 Nc6 5. Nf3 Qb6 6. a3 Nh6 7. b4 cxd4 8. cxd4
Nf5 9. Bb2 Bd7 10. g4 Nh6 11. h3 Be7 12. Be2 O-O 13. O-O Rac8 14. Nbd2 f6 15.
Rc1 fxe5 16. Nxe5 Nxe5 17. dxe5 Rxc1 18. Qxc1 Rc8 19. Qd1 a5 20. Nc4 Rxc4 21.
Bxc4 axb4 22. a4 Bxa4 23. Qxa4 dxc4 24. Qd7 Kf7 25. Bd4 Qc6 26. Qxc6 bxc6 27.
f4 c5 28. Be3 c3 29. Rb1 c4 30. Bd4 c2 31. Rf1 b3 32. Bb2 Bb4 0-1

[Event "VM Schachforum Darmstadt"]
[Site "?"]
[Date "2014.04.21"]
[Round "2.4"]
[White "Wiewesiek, Timo"]
[Black "Tierling, Detlef"]
[Result "0-1"]
[WhiteElo "1745"]
[BlackElo "2023"]
[PlyCount "98"]
[EventDate "2014.??.??"]

1. e4 d5 2. exd5 Nf6 3. c4 c6 4. dxc6 Nxc6 5. Nf3 e5 6. d3 Bc5 7. Be3 Bxe3 8.
fxe3 Bg4 9. Nc3 Qb6 10. Qd2 O-O-O 11. e4 Bxf3 12. gxf3 Nd4 13. Bg2 Kb8 14.
O-O-O Qc7 15. Kb1 Rhe8 16. Nd5 Nxd5 17. exd5 f6 18. Rde1 g5 19. Qe3 b5 20. Rc1
b4 21. b3 Qc5 22. Qd2 {(=)} Rd6 23. Rhe1 Ra6 24. Qb2 Ra3 25. Re4 Rd8 26. Rxd4
Qxd4 27. Qxd4 exd4 28. Bh3 Ra6 29. Re1 h5 30. Re4 f5 31. Bxf5 Rf6 32. Be6 Rxf3
33. c5 Rdf8 34. Kc1 Rf1+ 35. Kd2 Ra1 36. Rxd4 Rxa2+ 37. Ke3 Rff2 38. Rxb4+ Ka8
39. c6 Rae2+ 40. Kd4 Rf4+ 41. Kc3 Rxb4 42. c7 $4 (42. Kxb4 $3) 42... Rb8 43.
cxb8=Q+ Kxb8 44. h3 Kc7 45. Kd4 Kd6 46. b4 Rb2 47. Kc4 Rf2 48. Kd4 Rf4+ 49. Ke3
Rxb4 0-1

[Event "VM Schachforum Darmstadt"]
[Site "?"]
[Date "2014.04.21"]
[Round "2.5"]
[White "Metselaar, Harold"]
[Black "Schröder, Oliver"]
[Result "1/2-1/2"]
[WhiteElo "1914"]
[BlackElo "1794"]
[PlyCount "54"]
[EventDate "2014.??.??"]

1. d4 Nf6 2. Nf3 d6 3. c4 c5 4. d5 e6 5. Nc3 exd5 6. cxd5 g6 7. Nd2 Bg7 8. e4
O-O 9. Be2 a6 10. a4 b6 11. O-O Nbd7 12. Nc4 Ne8 13. Bf4 Qe7 14. Qd2 Rb8 15. f3
Bd4+ 16. Be3 Bxe3+ 17. Nxe3 Nef6 18. Nc4 Ne5 19. Rab1 Re8 20. b4 Qc7 21. b5 a5
22. Rfe1 Qe7 23. Rbd1 Rb7 24. Nb1 Nxc4 25. Bxc4 Nh5 26. Na3 f6 27. Bf1 g5 {(=)}
1/2-1/2

[Event "VM Schachforum Darmstadt"]
[Site "?"]
[Date "2014.04.21"]
[Round "2.6"]
[White "Grimm, Julius"]
[Black "Leck, Jakob"]
[Result "1-0"]
[WhiteElo "1939"]
[BlackElo "1834"]
[PlyCount "71"]
[EventDate "2014.??.??"]

1. d4 d5 2. c4 c6 3. Nf3 Nf6 4. Nc3 e6 5. Bg5 dxc4 6. e4 b5 7. e5 h6 8. Bh4 g5
9. Nxg5 hxg5 10. Bxg5 Be7 11. exf6 Bxf6 12. Bxf6 Qxf6 13. g3 Na6 14. Bg2 Bb7
15. Ne4 Qe7 16. O-O O-O-O 17. a4 e5 18. axb5 cxb5 19. Qg4+ Kb8 20. Rxa6 Bxa6
21. Nc5 Bc8 22. Qe4 Rxd4 23. Qa8+ Kc7 24. Qxa7+ Kd8 25. Qb6+ Ke8 26. Qc6+ Bd7
27. Nxd7 Qxd7 28. Qf6 Rh6 29. Qxh6 Qd6 30. Bc6+ Ke7 31. Qxd6+ Kxd6 32. Bxb5 Kc5
33. Be8 f6 34. Rc1 Kb4 35. Bf7 Kb3 36. Rxc4 1-0

[Event "VM Schachforum Darmstadt"]
[Site "?"]
[Date "2014.04.21"]
[Round "2.8"]
[White "Pauli, Walter"]
[Black "Rutsatz, Mario"]
[Result "0-1"]
[WhiteElo "1478"]
[BlackElo "1986"]
[PlyCount "74"]
[EventDate "2014.??.??"]

1. e4 c5 2. Nf3 d6 3. d4 cxd4 4. Nxd4 Nf6 5. Nc3 a6 6. Bc4 e6 7. O-O b5 8. Bb3
b4 9. Na4 Nxe4 10. f3 Nc5 11. Nxc5 dxc5 12. Ne2 Qxd1 13. Rxd1 Be7 14. c3 a5 15.
Be3 O-O 16. Rd2 Nc6 17. Rad1 a4 18. Bc2 Ne5 19. b3 axb3 20. axb3 Ba6 21. Kf2
Bxe2 22. Kxe2 bxc3 23. Rd7 Nxd7 24. Rxd7 Bf6 25. Bxc5 Rfd8 26. Rxd8+ Rxd8 27.
Be3 Bd4 28. Bc1 f5 29. Bd3 Kf7 30. g3 g6 31. Bc4 Kf6 32. h4 g5 33. b4 e5 34. f4
exf4 35. hxg5+ Kxg5 36. gxf4+ Kg4 37. b5 Bb6 0-1

[Event "VM Schachforum Darmstadt"]
[Site "?"]
[Date "2014.04.21"]
[Round "2.9"]
[White "Schellen, Sven"]
[Black "Friedel, Thomas"]
[Result "1-0"]
[WhiteElo "1802"]
[BlackElo "1595"]
[PlyCount "87"]
[EventDate "2014.??.??"]

1. d4 d5 2. c4 e6 3. Nc3 Nf6 4. Nf3 Nbd7 5. g3 Be7 6. Bg2 b6 7. O-O Bb7 8. b3
O-O 9. Bb2 c6 10. Qc2 Qc7 11. e4 dxe4 12. Ng5 c5 13. Nb5 Qc6 14. Rfe1 a6 15.
Nxe4 Kh8 16. d5 exd5 17. Nxf6 Bxf6 18. Bxd5 Qc8 19. Nd6 Qc7 20. Nxb7 Ra7 21.
Bxf6 Nxf6 22. Qe2 Nxd5 23. cxd5 Qxb7 {(=)} 24. d6 Qd7 25. Qe7 Rd8 26. Rad1 Kg8
27. f4 f6 28. Qxd7 Raxd7 29. Re6 Kf7 30. f5 g6 31. g4 Rh8 32. Kg2 h5 33. h3
hxg4 34. hxg4 gxf5 35. gxf5 Rh5 36. Rde1 Rxf5 37. Re7+ Rxe7 38. Rxe7+ Kf8 39.
Rb7 b5 40. Rb8+ Kf7 41. d7 Rg5+ 42. Kh1 Rh5+ 43. Kg2 Rg5+ 44. Kf3 1-0

[Event "VM Schachforum Darmstadt"]
[Site "?"]
[Date "2014.04.21"]
[Round "2.12"]
[White "Müller, Alexander"]
[Black "Brockmann, Marcus"]
[Result "1-0"]
[WhiteElo "1360"]
[BlackElo "1489"]
[PlyCount "109"]
[EventDate "2014.??.??"]

1. Nf3 d5 2. d4 Nf6 3. h3 e6 4. Bg5 Be7 5. e3 O-O 6. Nbd2 c5 7. c3 Nc6 8. dxc5
Bxc5 9. b4 Bb6 10. Bd3 Re8 11. Qc2 h6 12. Bxf6 Qxf6 13. a4 e5 14. Bb5 d4 15.
Ne4 Qf5 16. Bd3 Qd7 17. a5 Bc7 18. Nc5 Qd6 19. e4 b6 20. axb6 Bxb6 21. Na4 Bb7
22. b5 Ne7 23. c4 Rec8 24. Qb3 Ba5+ 25. Ke2 Ng6 26. g3 Qb4 27. Qxb4 Bxb4 28.
Rhc1 Rc7 29. h4 Ne7 30. Nxe5 f6 31. Nf3 Rd8 32. c5 Bc8 33. Nh2 f5 34. f3 Bd7
35. c6 fxe4 36. fxe4 Bc8 37. Rab1 Ba5 38. h5 g6 39. hxg6 Nxg6 40. Rf1 Ne5 41.
Rf6 Kg7 42. Rbf1 Nxd3 43. Kxd3 a6 44. b6 Bxb6 45. Nxb6 a5 46. e5 Ba6+ 47. Nc4
a4 48. Nf3 Bxc4+ 49. Kxc4 d3 50. Nd4 a3 51. Ne6+ Kg8 52. Nxd8 d2 53. Rf8+ Kh7
54. e6 Rg7 55. R8f7 1-0

[Event "VM Schachforum Darmstadt"]
[Site "?"]
[Date "2014.04.28"]
[Round "3.1"]
[White "Nies, Peter"]
[Black "Rolf, Marco"]
[Result "1-0"]
[WhiteElo "1991"]
[BlackElo "1890"]
[PlyCount "97"]
[EventDate "2014.??.??"]
[WhiteTeam "SK 1980 Gernsheim"]
[BlackTeam "SK Bad Homburg 1927"]

1. e4 e6 2. d4 d5 3. e5 c5 4. c3 Qb6 5. Nf3 Nc6 6. a3 Nh6 7. b4 cxd4 8. cxd4
Nf5 9. Bb2 Bd7 10. g4 Nh6 11. h3 f6 12. Nbd2 Nf7 13. Nb3 fxe5 14. dxe5 Qd8 15.
Qd2 Be7 16. h4 a5 17. b5 Na7 18. Nbd4 Bc5 19. Rb1 a4 20. Bd3 Qc7 21. O-O Nc8
22. Rfc1 b6 23. Ng5 Nxg5 24. Qxg5 Ne7 25. Qxg7 Rg8 26. Qxh7 Rxg4+ 27. Kf1 O-O-O
28. Rxc5 bxc5 29. Qxe7 Re8 30. Qf6 c4 31. Be2 Re4 32. Bc3 Qc5 33. Bh5 Rf8 34.
Nxe6 Bxe6 35. Qxe6+ Kb7 36. Qa6+ Kb8 37. Rb2 Rxh4 38. b6 Rh1+ 39. Kg2 Rxf2+ 40.
Rxf2 Rh2+ 41. Kxh2 Qxf2+ 42. Kh3 Qf5+ 43. Kg3 Qg5+ 44. Kf2 Qf4+ 45. Bf3 Qh2+
46. Ke1 Qg1+ 47. Kd2 Qf2+ 48. Be2 Qf4+ 49. Kd1 1-0

[Event "VM Schachforum Darmstadt"]
[Site "?"]
[Date "2014.04.28"]
[Round "3.2"]
[White "Tierling, Detlef"]
[Black "Seehaus, Bernhard"]
[Result "1-0"]
[WhiteElo "1933"]
[BlackElo "1985"]
[PlyCount "81"]
[EventDate "2014.??.??"]
[WhiteTeam "SC Groß-Umstadt"]
[BlackTeam "SV Schachforum Darmstadt 1994"]

1. d4 d6 2. Nf3 Nd7 3. e4 e5 4. dxe5 dxe5 5. Bc4 Qe7 6. Nc3 c6 7. Be3 g6 8. Qd2
Bg7 9. Ng5 Nh6 10. O-O Nb6 11. Bb3 O-O 12. Rad1 Ng4 13. Bxb6 axb6 14. h3 Nf6
15. Qd6 Qxd6 16. Rxd6 h6 17. Nf3 Nh5 18. Rxg6 Rd8 19. Nxe5 Kh7 20. Rxg7+ Kxg7
21. Nxf7 Rd2 22. e5 Bf5 23. Rd1 Rxd1+ 24. Nxd1 Bxc2 25. Bxc2 Kxf7 26. Ne3 Nf4
27. Bb3+ Kg6 28. Kh2 Re8 29. g3 Nd5 30. Bc2+ Kf7 31. Nc4 Ra8 32. Bb3 b5 33. Ne3
Ke6 34. f4 h5 35. Kg2 h4 36. g4 Rf8 37. Nxd5 cxd5 38. Kf3 Rc8 39. Ke3 Rc1 40.
Kd4 Rh1 41. Bxd5+ 1-0

[Event "VM Schachforum Darmstadt"]
[Site "?"]
[Date "2014.04.28"]
[Round "3.3"]
[White "Schröder, Oliver"]
[Black "Grimm, Julius"]
[Result "1/2-1/2"]
[WhiteElo "1794"]
[BlackElo "1988"]
[PlyCount "68"]
[EventDate "2014.??.??"]
[WhiteTeam "SV Schachforum Darmstadt 1994"]
[BlackTeam "SV Schachforum Darmstadt 1994"]

1. Nf3 d5 2. g3 Nf6 3. Bg2 c5 4. O-O Nc6 5. d3 g6 6. Nbd2 Bg7 7. e4 O-O 8. Re1
h6 9. h3 e5 10. exd5 Nxd5 11. Nc4 Re8 12. Re2 b5 13. Ne3 Be6 14. Ng4 Bxg4 15.
hxg4 g5 16. Be3 Nxe3 17. Rxe3 Qd7 18. Nd2 Rec8 19. Be4 Ne7 20. Qe2 c4 21. Bf5
Nxf5 22. gxf5 c3 23. bxc3 Rxc3 24. Qh5 (24. f6 Bf8 (24... Rxc2 $2 25. Ne4 Bf8
26. Qh5 Qe6 27. Rf3 Rac8) 25. Qh5 Rxc2 26. Ne4 Qe6 27. g4 Rac8) (24. Qf3 Rxc2
25. f6 Bf8 26. Ne4 Qe6 27. Qh5 Rac8 28. g4 Rc1+ 29. Rxc1 Rxc1+ 30. Kg2 Qc6)
24... Rxc2 25. f6 Bf8 26. Ne4 Qe6 27. Rf3 Rac8 28. g4 Rc1+ 29. Rxc1 Rxc1+ 30.
Kg2 Qc6 31. Nxg5 hxg5 32. Qxg5+ Kh8 33. Qh5+ Kg8 34. Qg5+ Kh8 1/2-1/2

[Event "VM Schachforum Darmstadt"]
[Site "?"]
[Date "2014.04.28"]
[Round "3.4"]
[White "Günzler, Richard"]
[Black "Metselaar, Harold"]
[Result "1-0"]
[WhiteElo "1912"]
[BlackElo "1914"]
[PlyCount "47"]
[EventDate "2014.??.??"]
[WhiteTeam "SC 1961 König Nied"]
[BlackTeam "SV Schachforum Darmstadt"]

1. e4 e6 2. d4 d5 3. Nc3 Nf6 4. e5 Nfd7 5. Nf3 c5 6. dxc5 Nc6 7. Bf4 Bxc5 8.
Bd3 f6 9. exf6 Nxf6 10. Qe2 O-O 11. O-O-O Bd7 12. h4 Rc8 13. Kb1 Qa5 14. Ne5
Nxe5 15. Bxe5 a6 16. g4 Bc6 17. Bxf6 Rxf6 18. g5 Rf7 19. Qxe6 Re8 20. Bxh7+ Kf8
21. Qg4 Bd7 22. Qh5 Ba3 23. Bg6 Qb4 24. Qh8+ 1-0

[Event "VM Schachforum Darmstadt"]
[Site "?"]
[Date "2014.04.28"]
[Round "3.5"]
[White "Gramlich, Sebastian"]
[Black "Schellen, Sven"]
[Result "1/2-1/2"]
[WhiteElo "2081"]
[BlackElo "1689"]
[PlyCount "104"]
[EventDate "2014.??.??"]
[WhiteTeam "SV Schachforum Darmstadt 1994"]
[BlackTeam "Sfr. Frankfurt 1921"]

1. c4 Nf6 2. d4 g6 3. Nc3 Bg7 4. e4 d6 5. f3 O-O 6. Bg5 c5 7. d5 Re8 8. Qd2 a6
9. Nge2 e6 10. a4 Qc7 11. Ng3 exd5 12. cxd5 Nbd7 13. Be2 Rb8 14. O-O c4 15. Kh1
b5 16. axb5 axb5 17. b4 Nf8 18. Ra5 Bd7 19. Rfa1 h5 20. Ra6 N8h7 21. Bf4 Rb6
22. Ra7 Rb7 23. Rxb7 Qxb7 24. Bxd6 h4 25. Nf1 Nxd5 26. exd5 Bxc3 27. Qxc3 Rxe2
28. Ne3 Ng5 29. Bf4 Nh7 30. h3 f6 31. Qd4 Qc8 32. Ng4 Bxg4 33. fxg4 g5 34. Bd2
Qe8 35. d6 Qc6 36. Rg1 Re8 37. Bc3 Rd8 38. Rd1 Rd7 39. Qc5 Qb7 40. Qf5 Kg7 41.
Qe6 Qc6 42. Rd5 Kg6 43. Kg1 Qb6+ 44. Kf1 Qc6 45. Ke2 Re7 46. Qxe7 Qxd5 47. Qe8+
Kh6 48. d7 Qxg2+ 49. Ke3 Qg3+ 50. Ke2 Qd3+ 51. Kf2 Qg3+ 52. Kf1 Qf3+ 1/2-1/2

[Event "VM Schachforum"]
[Site "?"]
[Date "2014.03.27"]
[Round "3.7"]
[White "Heun, Andreas"]
[Black "Cors, HF ."]
[Result "0-1"]
[WhiteElo "1811"]
[BlackElo "1991"]
[PlyCount "94"]
[EventDate "2014.03.20"]

1. e4 e5 2. f4 exf4 3. Nf3 d6 4. Bc4 h6 5. Nc3 Nc6 6. d4 g5 7. h3 Bg7 8. O-O
Nge7 9. a3 Ng6 10. Qd3 Nce7 11. Bd2 c6 12. Rad1 O-O 13. Bc1 d5 14. Ba2 Be6 15.
Rfe1 Re8 16. Bb1 Qd7 17. Ne5 Nxe5 18. dxe5 d4 19. Ne2 Bxe5 20. Nxd4 Bxd4+ 21.
Qxd4 Qxd4+ 22. Rxd4 Red8 23. Red1 Rxd4 24. Rxd4 c5 25. Rd6 Nc6 26. c3 Rc8 27.
Kf2 Ne5 28. g3 fxg3+ 29. Kxg3 Kf8 30. h4 Ke7 31. Rd1 f6 32. hxg5 hxg5 33. Rh1
Bg8 34. Be3 b6 35. Rh8 Rd8 36. b4 Nc4 37. Bf2 Nxa3 38. bxc5 Nxb1 39. cxb6 axb6
40. Bxb6 Rd3+ 41. Kf2 Kf7 42. c4 Kg7 43. Rh1 Nc3 44. e5 fxe5 45. c5 Bd5 46. Ra1
Kg6 47. Ra3 Ne4+ 0-1

[Event "VM Schachforum Darmstadt"]
[Site "?"]
[Date "2014.04.28"]
[Round "3.9"]
[White "Leck, Jakob"]
[Black "Tampe, Alexander"]
[Result "1-0"]
[WhiteElo "1745"]
[BlackElo "1508"]
[PlyCount "95"]
[EventDate "2014.??.??"]
[WhiteTeam "SV Lahn Limburg"]
[BlackTeam "SV Schachforum Darmstadt 1994"]

1. e4 e5 2. Nf3 Nc6 3. d4 exd4 4. Nxd4 Bc5 5. Be3 Bb6 6. Nc3 d6 7. Be2 Bd7 8.
Qd2 Nxd4 9. Bxd4 Bxd4 10. Qxd4 Qf6 11. Qb4 Bc6 12. Nd5 Qd8 13. Qa5 Ne7 14.
O-O-O Bxd5 15. exd5 O-O 16. h4 c6 17. Qxd8 Rfxd8 18. Bf3 c5 19. Rhe1 Re8 20.
Be4 b5 21. b3 a6 22. Re3 Ng6 {(=)} 23. Bxg6 hxg6 24. Rde1 Kf8 25. Kd2 Rxe3 26.
Rxe3 Re8 27. g4 f5 28. f3 Kf7 29. a3 a5 30. Rxe8 Kxe8 31. Kc3 Ke7 32. g5 Kd7
33. a4 bxa4 34. bxa4 Kc7 35. Kc4 Kb6 36. Kb3 Kb7 37. Kc3 Ka7 38. Kc4 Kb6 39.
Kd3 Kc7 40. Kc3 Kb7 41. Kd3 Kc7 42. Ke3 Kd7 43. Kf4 Ke7 44. h5 Kf7 $2 (44...
gxh5 45. Kxf5 g6+ 46. Ke4 c4 47. Ke3 Kd8 $11) 45. hxg6+ Kxg6 46. c4 Kf7 47.
Kxf5 g6+ 48. Kg4 1-0

[Event "VM Schachforum Darmstadt"]
[Site "?"]
[Date "2014.04.28"]
[Round "3.10"]
[White "Hartmann, Marc Holger"]
[Black "Müller, Alexander"]
[Result "1-0"]
[WhiteElo "1677"]
[BlackElo "1360"]
[PlyCount "113"]
[EventDate "2014.??.??"]
[WhiteTeam "SV Schachforum Darmstadt 1994"]
[BlackTeam "SV Schachforum Darmstadt 1994"]

1. e4 c5 2. d4 cxd4 3. c3 dxc3 4. Nxc3 e5 5. Nf3 Nc6 6. Bc4 h6 7. O-O Nf6 8.
Qe2 a6 9. Rd1 Bc5 10. h3 b5 11. Bd5 Qe7 12. Be3 Bxe3 13. Qxe3 O-O 14. Rac1 Bb7
15. a3 Rab8 16. Ba2 Ba8 17. Nd5 Nxd5 18. exd5 Nd8 19. Qxe5 Qxe5 20. Nxe5 Rb7
21. Rc8 d6 22. Nc6 Nxc6 23. Rxf8+ Kxf8 24. dxc6 Rc7 25. Rxd6 Bxc6 26. Rd2 Be8
27. Kh2 g6 28. Kg3 f5 29. Rd6 a5 30. Rd2 Kg7 31. Bb1 a4 32. Rd5 Rc1 33. Bd3 Bc6
34. Rd6 h5 35. f3 Rc5 36. Kf4 Kh6 37. g4 hxg4 38. hxg4 Rd5 39. Rxd5 Bxd5 40.
gxf5 gxf5 41. Bxb5 Bb3 42. Kxf5 Kg7 43. Ke5 Kf7 44. Kd4 Kf6 45. Kc5 Bd1 46. Bc6
Ke5 47. Kb4 Kf4 48. Bxa4 Bxf3 49. Kc5 Ke5 50. b4 Ke6 51. Bc6 Be2 52. b5 Ke7 53.
b6 Kd8 54. Bb7 Kd7 55. a4 Bd1 56. a5 Ba4 57. a6 1-0

[Event "VM Schachforum Darmstadt"]
[Site "?"]
[Date "2014.04.28"]
[Round "3.11"]
[White "Brockmann, Marcus"]
[Black "Torrijos, Javier"]
[Result "0-1"]
[WhiteElo "1489"]
[BlackElo "1397"]
[PlyCount "44"]
[EventDate "2014.??.??"]
[WhiteTeam "SV Schachforum Darmstadt 1994"]
[BlackTeam "SV Schachforum Darmstadt 1994"]

1. e4 c6 2. d4 d5 3. Nc3 dxe4 4. Nxe4 Nd7 5. Nf3 Ngf6 6. Bd3 e6 7. Bg5 Be7 8.
O-O h6 9. Bh4 Nxe4 10. Bxe7 Nxf2 11. Rxf2 Qxe7 12. Qd2 O-O 13. c4 b6 14. Ne5
Nxe5 15. dxe5 Bb7 16. Qc2 Rad8 17. Rf3 Qc5+ 18. Kh1 Qxe5 19. Rd1 c5 20. Bh7+
Kh8 21. Rfd3 Rxd3 22. Rxd3 Qe1# 0-1

[Event "VM Schachforum Darmstadt"]
[Site "?"]
[Date "2014.04.28"]
[Round "3.12"]
[White "Friedel, Thomas"]
[Black "Pauli, Walter"]
[Result "0-1"]
[WhiteElo "1457"]
[BlackElo "1478"]
[PlyCount "66"]
[EventDate "2014.??.??"]
[WhiteTeam "SV 1946 Groß-Gerau"]
[BlackTeam "SV Schachforum Darmstadt 1994"]

1. e4 c5 2. Nf3 d6 3. d4 cxd4 4. Nxd4 Nf6 5. Nc3 a6 6. Be2 Nc6 7. O-O g6 8. Be3
Bg7 9. f3 O-O 10. Qd2 Qc7 11. Rad1 Nxd4 12. Bxd4 b5 13. Nd5 Nxd5 14. Bxg7 Kxg7
15. Qxd5 Be6 16. Qd2 Rac8 17. Bd3 Rfd8 18. Qe3 Bc4 19. Rf2 Qc5 20. Qxc5 Rxc5
21. Bxc4 Rxc4 22. a3 Rdc8 23. c3 a5 24. Rd4 Rxd4 25. cxd4 Rc1+ 26. Rf1 Rc4 27.
d5 f5 28. exf5 gxf5 29. Rd1 Kf6 30. g3 Rc2 31. f4 Rxb2 32. Rd3 a4 33. h3 Rb3
0-1